Διεθνείς οργανισμοί : ανάμεσα στον πόλεμο και στην ειρήνη

Αποθηκεύτηκε σε:
Λεπτομέρειες βιβλιογραφικής εγγραφής
Κύριος συγγραφέας: Κεντρωτής, Κυριάκος Δ., 1962-
Άλλοι συγγραφείς: Κάτσιος, Σταύρος Α.
Μορφή: Βιβλίο
Γλώσσα:Greek
French
English
Δημοσίευση: Αθήνα : Παπαζήσης, 2002.
Σειρά:Βιβλιοθήκη εργαστηρίου γεωπολιτισμικών αναλύσεων
Θέματα:
Ετικέτες: Προσθήκη ετικέτας
Δεν υπάρχουν, Καταχωρήστε ετικέτα πρώτοι!

MARC

LEADER 00000cam a2200000 i 4500
001 1/22101
008 060118s2002 gr | ||| |||| ||gre||
020 |a 9600216223 
035 |l 10082053 
040 |a GR-MyUA  |b gre  |e AACR2 
041 0 |a gre  |h fre  |h eng 
082 0 |a 341.2  |2 (22) 
100 1 |a Κεντρωτής, Κυριάκος Δ.,   |d 1962- 
245 1 0 |a Διεθνείς οργανισμοί :   |b ανάμεσα στον πόλεμο και στην ειρήνη /   |c Κυριάκος Δ. Κεντρωτής, Σταύρος Α. Κάτσιος.  
260 |a Αθήνα :   |b Παπαζήσης,   |c 2002.  
300 |a 480 σ. ;   |c 22 εκ.  
490 1 |a (Βιβλιοθήκη εργαστηρίου γεωπολιτισμικών αναλύσεων)  
504 |a Περιέχει βιβλιογραφικές παραπομπές.  
650 0 0 |a International organization. 
650 0 0 |a International agencies. 
700 1 |a Κάτσιος, Σταύρος Α. 
830 0 |a Βιβλιοθήκη εργαστηρίου γεωπολιτισμικών αναλύσεων 
852 |a INST  |b RHODES  |e 20060118  |h 341.2 KEN  |p 005400021584  |q 005400021584  |t BK  |y 0 
852 |a INST  |b SAMOS  |e 20220124  |h 341.2 ΚΕΝ  |p 005300047051  |q 005300047051  |t BK  |y 0 
901 |a BIBL4-2006-1 
909 |a Ρ  |b 123011 
970 |a ΣΙΔΕΡΗ  |b ΝΕΚΤΑΡΙΑ  |z 2006/01/18